Čovekat v sistemata obštestvo-priroda.

Prírodný systém prerastá do supersystému spoločnosť-príroda vtedy, keď vzniká práca a formuje sa ľudské spoločenstvo. Skúmanie vzťahu medzi prírodou a spoločnosťou z hľadiska určenia príčin vznikajúcich protirečení a narušovania ekologickej rovnováhy. Pokus modelovať vzťah medzi spoločnosťou a príro...

ver descrição completa

Na minha lista:
Detalhes bibliográficos
Autor principal: Mastikov, P.
Formato: Capítulo de Livro
Idioma:búlgaro
Assuntos:
Tags: Adicionar Tag
Sem tags, seja o primeiro a adicionar uma tag!

MARC

LEADER 00000naa a2200000 4500
001 r005064
005 20221125114941.4
041 0 |a bul 
044 |a BG 
245 1 0 |a Čovekat v sistemata obštestvo-priroda.  |c P. Mastikov 
520 |a Prírodný systém prerastá do supersystému spoločnosť-príroda vtedy, keď vzniká práca a formuje sa ľudské spoločenstvo. Skúmanie vzťahu medzi prírodou a spoločnosťou z hľadiska určenia príčin vznikajúcich protirečení a narušovania ekologickej rovnováhy. Pokus modelovať vzťah medzi spoločnosťou a prírodou na makroúrovni. Téza, že človek vytvára a rozvíja formy týchto vzťahov nielen ako člen spoločnosti, ale aj ako prvok prírody. 
610 2 0 |a prostredie prírodné 
610 2 0 |a spoločnosť 
610 2 0 |a ekológia 
100 1 |a Mastikov, P.